Role of Nasogastric Tube in the Post Operative Management of Paediatric Patients Following Elective Bowel Surgery. (Record no. 1851835)

MARC details
000 -LEADER
fixed length control field 00896nam a2200337Ia 4500
005 - DATE AND TIME OF LATEST TRANSACTION
control field 20260514124416.0
008 - FIXED-LENGTH DATA ELEMENTS--GENERAL INFORMATION
fixed length control field 008 261405s9999 xx 000 0 eng d
037 ## -
-- Thesis
040 ## - CATALOGING SOURCE
-- CRL
040 ## - CATALOGING SOURCE
Language of cataloging eng
040 ## - CATALOGING SOURCE
Transcribing agency CRL
041 ## - LANGUAGE CODE
Language code of text eng
084 ## - COLON CLASSIFICATION NUMBER
-- CRL
100 ## - MAIN ENTRY--PERSONAL NAME
Student/researcher name Khan Dr.Niyaz Ahmed
245 #0 - TITLE STATEMENT
Title Role of Nasogastric Tube in the Post Operative Management of Paediatric Patients Following Elective Bowel Surgery.
260 ## - PUBLICATION, DISTRIBUTION, ETC.
Place of publication, distribution, etc. Delhi
260 ## - PUBLICATION, DISTRIBUTION, ETC.
Name of publisher, distributor, etc. University of Delhi
260 ## - PUBLICATION, DISTRIBUTION, ETC.
Date of publication, distribution, etc. 2015
300 ## - PHYSICAL DESCRIPTION
Extent 70p.
502 ## - Thesis Note
Degree type Ph.D.
502 ## - Thesis Note
Name of granting institution University of Delhi
502 ## - Thesis Note
Year degree granted 2015
650 ## - SUBJECT ADDED ENTRY--TOPICAL TERM
LCSH or local subjects Pediatrics Surgery
700 ## - ADDED ENTRY--PERSONAL NAME
Supervisor / Guide name Dr.Rajiv Chadha
700 ## - ADDED ENTRY--PERSONAL NAME
Supervisor / Guide name Dr.Subhasis Roy Choudhury
942 ## - ADDED ENTRY ELEMENTS (KOHA)
Koha item type Thesis
100 ## - MAIN ENTRY--PERSONAL NAME
-- 1239891
541 ## - IMMEDIATE SOURCE OF ACQUISITION NOTE
-- Thesis
650 ## - SUBJECT ADDED ENTRY--TOPICAL TERM
-- 1239892
700 ## - ADDED ENTRY--PERSONAL NAME
-- 1239893
700 ## - ADDED ENTRY--PERSONAL NAME
-- 1239467
710 ## - ADDED ENTRY--CORPORATE NAME
-- 1239894
999 ## -
-- 1851835
-- 1851835
Holdings
Withdrawn status Lost status Not for loan Home library Current library Date acquired Accession Number Koha item type
      Central Library Central Library 2026-05-14 TH0028021 Thesis
Copyright @ Delhi University Library System